HINDI GUIDE (Record no. 19022)

MARC details
000 -LEADER
fixed length control field 00209nam a22001097a 4500
082 ## - DEWEY DECIMAL CLASSIFICATION NUMBER
Classification number 370
Item number MBD
100 ## - MAIN ENTRY--PERSONAL NAME
Personal name MBD
245 ## - TITLE STATEMENT
Title HINDI GUIDE
260 ## - PUBLICATION, DISTRIBUTION, ETC. (IMPRINT)
Place of publication, distribution, etc DELHI
Name of publisher, distributor, etc ARYA
Year of Publication 2018
300 ## - PAGE DESCRIPTION
No. of Pages 385
942 ## - ADDED ENTRY ELEMENTS (KOHA)
Source of classification or shelving scheme Dewey Decimal Classification
Koha item type Books
Holdings
Withdrawn status Lost status Source of classification or shelving scheme Damaged status Not for loan Collection code Home library Current library Date acquired Cost, normal purchase price SGTU Full call number Accession No. (Barcode) Date last seen Bill Date Koha item type
    Dewey Decimal Classification     EDUCATION SGT Engineering Library SGT Engineering Library 05/09/2019 284.00 SGTU 370 MBD ED4307 05/09/2019 05/09/2019 Books